Culture Générale by PotiFlamby #3 - Statistiques

Statistiques générales
  • Ce quiz a été pris 55 fois
  • Le résultat moyen est 8 sur 20
Statistiques - réponses
Hint Réponse % Correct
Quel est le plus petit pays du monde ? Vatican
86%
Citez au moins un des principaux antagonistes de Batman Joker | Double-Face | Bane | Poison Ivy | Mr Freeze | Killer Croc | Epouvantail | Harley Quinn
84%
Comment s'est renommé l'entreprise Facebook en 2021 ? Meta
58%
Dans quelle catégorie de planète est classée Saturne ? Gazeuse
56%
Quel est le nom du parc d'attraction Allemand a pour mascotte 2 souris ? Europa-Park
51%
Quelle frappe de penalty consiste en une frappe lente sous la barre transversale pour tromper le gardien ? Panenka
49%
Quel mouvement de Tennis consiste frapper la balle en la frottant de façon à la faire tourner sur elle-même ? Lift
47%
Dans quelle zone géographique Française, l'eau de vie est appelée "Schnaps" ? Est
44%
Qui est l'interprète et écrite de "Bo le lavabo (WC Kiss)" en 1990 ? Vincent Lagaffe
44%
En quelle année se sont tenus les premiers Jeux Olympiques modernes ? 1896
42%
Complétez les paroles de "La Corrida" de Francis Cabrel : "Depuis le temps que je patiente dans ..... ....... ....." cette chambre noire
37%
Comment Diego Maradona a nommé le but qu'il a marqué de façon non-conventionnelle lors de Angleterre-Argentine en 1986 ? Main de Dieu | Mano de Dios
37%
Quel personnage de Ubisoft ne possède pas de bras, et pas de jambes ? Rayman
30%
Grâce à quel film, Leonardo DiCaprio a obtenu son premier Oscar du Meilleur Acteur ? The Revenant
28%
Quel est le premier film d'animation de Walt Disney Pictures sorti en 1934 ? Blanche-Neige et les 7 Nains
26%
Quel était le grand rival du groupe Blur fin des années 90, début 2000 ? Oasis
26%
Quel Pokémon légendaire est à effigie du Pokémon Emeraude ? Rayquaza
23%
Quel est le nom du créateur de Minecraft ? Notch | Markus Persson
16%
Quel est le nom du loup géant dans la mythologie, fils de Loki ? Fenrir
14%
Quel est le nom du logo de Discord ? Clyde
5%
Aucun quiz correspondant
Distribution des résultats
% des personnes avec chaque résultat
Percentile par nombre de réponses
Votre historique - résultats
Vous n’avez pas pris ce quiz